| 000 | 00712nam a22001337a 4500 | ||
|---|---|---|---|
| 999 |
_c80672 _d80672 |
||
| 008 | 210204b ||||| |||| 00| 0 eng d | ||
| 040 | _aSTAFF | ||
| 041 | _ager | ||
| 245 |
_aStephan-Ehrung 1997 - Frankfurt (Oder). _bDem Andenken an Heinrich von Stephan, dessen Todestag sich am 8. April 1997 zum 100. Male jährt, ist diese Gedenkschrift gewidmet. / _cRedaktion: Hans-Werner Funk, Thomas Josten, Manfred Mittelstedt |
||
| 260 |
_aFrankfurt (Oder): _bDeutsche Post AG, Niederlassung Postfilialen Frankfurt (Oder), _c[1997] |
||
| 300 |
_a39 S.: _bzahlr. Abb, Sonderpostwertzeichen 100. Todestag Heinrich von Stephan |
||
| 653 |
_aStephan, Heinrich von (1831-1897) _aPostamt Frankfurt (Oder) 1855-1856 |
||
| 942 |
_2z _cB |
||